00493 2200169 4500001002100000005001500021035002000036007000300056008004100059082000800100084001400108100003000122245005500152260006900207300003800276650000900314INLIS00000000000022720231106025608 a0010-1123000010ta231106 g 0 ind  a633 a633 PUS p0 aPuslitbang Tanaman Pangan1 aPadi Toleran Rendaman /cPuslitbang Tanaman Pangan aBogor :bPusat Penelitian dan Pengembangan Tanaman Pangan,c2009 a12 hlm, :bilus, ;c18 cm x 25 cm 4aPadi